[Event "Regionalliga NO 1112"]
[Site "Bayern"]
[Date "2011.11.20"]
[Round "3.8"]
[White "Mann, Johannes"]
[Black "Menzel, Nico"]
[Result "1-0"]
[WhiteElo "1823"]
[BlackElo "1504"]
[PlyCount "55"]
[EventDate "2011.10.02"]
[EventType "team-tourn"]
[EventRounds "9"]
[EventCountry "GER"]
[SourceTitle "EXT 2013"]
[Source "ChessBase"]
[SourceDate "2012.11.22"]
[SourceVersion "1"]
[SourceVersionDate "2012.11.22"]
[SourceQuality "1"]
[WhiteTeam "Forchheim II"]
[BlackTeam "Schwandorf"]
[WhiteTeamCountry "GER"]
[BlackTeamCountry "GER"]

1. e4 c5 2. Nc3 Nc6 3. g3 g6 4. Bg2 Bg7 5. d3 Nf6 6. f4 d6 7. Nf3 0-0 8. 0-0 Qc7 9. h3 e6 10. g4 b6 11. Nh4 Bb7 12. f5 exf5 13. exf5 Nd7 14. fxg6 fxg6 15. Nd5 Qd8 16. Nf3 Nf6 17. Bg5 Qd7 18. Nxf6+ Bxf6 19. Bxf6 Rxf6 20. Qd2 Re8 21. Ng5 Rxf1+ 22. Rxf1 Ne5 23. Bxb7 Qxb7 24. Ne4 Re7 25. Qg2 Qc7 26. Nf6+ Kg7 27. Nd5 Qc6 28. Nxe7 1-0

[Event "Landesliga Nord 1011"]
[Site "Bayern"]
[Date "2011.01.16"]
[Round "5.8"]
[White "Grafl, Pascal"]
[Black "Menzel, Nico"]
[Result "1-0"]
[WhiteElo "1960"]
[BlackElo "1504"]
[PlyCount "133"]
[EventDate "2010.10.10"]
[EventType "team-tourn"]
[EventRounds "9"]
[EventCountry "GER"]
[SourceTitle "EXT 2012"]
[Source "ChessBase"]
[SourceDate "2011.11.24"]
[SourceVersion "1"]
[SourceVersionDate "2011.11.24"]
[SourceQuality "1"]
[WhiteTeam "Kelheim"]
[BlackTeam "Schwandorf"]
[WhiteTeamCountry "GER"]
[BlackTeamCountry "GER"]

1. e4 c5 2. b3 Nc6 3. Bb2 e6 4. Bb5 Nf6 5. e5 Nd5 6. Nf3 Be7 7. 0-0 0-0 8. Qe2 Ncb4 9. d4 a6 10. Bc4 b5 11. Bxd5 Nxd5 12. c4 Nc7 13. Nc3 cxd4 14. Ne4 d5 15. exd6 Bxd6 16. Bxd4 Bb4 17. a3 Be7 18. Rfd1 Qe8 19. Bb6 Qc6 20. Ba5 Bb7 21. Rd4 Ne8 22. Ne5 Qc8 23. Nd7 Bxe4 24. Qxe4 Bf6 25. Nxf8 Bxd4 26. Qxd4 Kxf8 27. cxb5 axb5 28. Qb4+ Kg8 29. Qxb5 Nd6 30. Qe5 Qc6 31. Rd1 Nf5 32. Qc7 Qxc7 33. Bxc7 h6 34. Rd8+ Rxd8 35. Bxd8 Kf8 36. Bb6 Ke8 37. Kf1 Nd6 38. Ke2 Kd7 39. Kd3 Kc6 40. Bd4 g6 41. a4 Kd5 42. f4 Nf5 43. Ba7 g5 44. fxg5 hxg5 45. b4 Nh4 46. g3 Nf3 47. h3 e5 48. b5 e4+ 49. Ke3 f5 50. b6 Kc6 51. a5 Kb7 52. g4 f4+ 53. Kxe4 Nh4 54. Kd3 Nf3 55. Ke2 Nh4 56. Kf2 Ng6 57. Kf3 Nh4+ 58. Ke4 Ng2 59. a6+ Kxa6 60. Bb8 Nh4 61. Bc7 f3 62. Ke3 Kb7 63. Bd8 Ng6 64. Kxf3 Ne5+ 65. Ke4 Nxg4 66. hxg4 Ka6 67. Kd5 1-0

[Event "Oberpfalz-ch M3"]
[Site "Kareth Lappersdorf"]
[Date "2008.03.18"]
[Round "7"]
[White "Menzel, Nico"]
[Black "Brack, Andre"]
[Result "1/2-1/2"]
[WhiteElo "1256"]
[BlackElo "1191"]
[PlyCount "84"]
[EventDate "2008.03.15"]
[EventType "swiss"]
[EventRounds "8"]
[EventCountry "GER"]
[SourceTitle "EXT 2022"]
[Source "ChessBase"]
[SourceDate "2021.10.06"]
[SourceVersion "1"]
[SourceVersionDate "2021.10.06"]
[SourceQuality "1"]

1. c4 g6 2. Nc3 Bg7 3. g3 Nf6 4. Bg2 0-0 5. e3 d6 6. Nge2 c6 7. 0-0 Qc7 8. Rb1 b6 9. b3 Bb7 10. d4 Nbd7 11. Bb2 a6 12. Qd2 Rfe8 13. e4 Rad8 14. Rbd1 c5 15. d5 e6 16. Rfe1 Re7 17. Nc1 e5 18. a3 Rf8 19. Bh3 Bc8 20. f3 Kh8 21. Nd3 Ng8 22. Bc1 f6 23. Rf1 Ref7 24. Rf2 Nb8 25. Bxc8 Qxc8 26. Kg2 f5 27. Rdf1 h5 28. h3 Bh6 29. Qd1 Kg7 30. Bd2 h4 31. g4 f4 32. Qc2 g5 33. Ra1 Rb7 34. Rff1 Rff7 35. Rfb1 Nf6 36. a4 Rfc7 37. Rb2 Nfd7 38. Rab1 Kg6 39. Kf2 Bf8 40. Na2 a5 41. Nc3 Nf6 42. Kg2 Rf7 1/2-1/2

[Event "Oberpfalz-ch M3"]
[Site "Kareth Lappersdorf"]
[Date "2008.03.18"]
[Round "8"]
[White "Schlittenbauer, Tobias"]
[Black "Menzel, Nico"]
[Result "1-0"]
[WhiteElo "1294"]
[BlackElo "1256"]
[PlyCount "117"]
[EventDate "2008.03.15"]
[EventType "swiss"]
[EventRounds "8"]
[EventCountry "GER"]
[SourceTitle "EXT 2022"]
[Source "ChessBase"]
[SourceDate "2021.10.06"]
[SourceVersion "1"]
[SourceVersionDate "2021.10.06"]
[SourceQuality "1"]

1. e4 c5 2. Nf3 Nc6 3. c3 g6 4. d4 cxd4 5. cxd4 Bg7 6. Be3 e6 7. Nc3 d5 8. e5 f6 9. Bb5 Nge7 10. 0-0 0-0 11. Bf4 a6 12. Bxc6 Nxc6 13. Qd2 Bd7 14. Bh6 Rc8 15. Ne2 f5 16. Ng3 b5 17. h4 Qe7 18. h5 Bxh6 19. Qxh6 Qg7 20. Qg5 Qe7 21. hxg6 Qxg5 22. gxh7+ Kxh7 23. Nxg5+ Kg6 24. Nf3 Rh8 25. Ne2 Rh6 26. Nf4+ Kf7 27. g3 Nd8 28. Rac1 Rc6 29. Rxc6 Bxc6 30. b4 Ke7 31. Kg2 Kd7 32. Rh1 Rxh1 33. Kxh1 Nf7 34. Nd3 Ke7 35. Nc5 Nh6 36. Nxa6 Ng4 37. Kg2 Be8 38. Nh2 Nh6 39. f4 Kf7 40. Kf3 Ke7 41. Nc7 Bd7 42. g4 Kd8 43. Na6 Be8 44. g5 Ng8 45. Nc5 Ke7 46. Nf1 Bg6 47. Ke3 Bf7 48. Ng3 Ke8 49. Ne2 Ne7 50. Nc3 Nc6 51. a3 Na7 52. Nb7 Ke7 53. Nd6 Be8 54. Nxe8 Kxe8 55. a4 bxa4 56. Nxa4 Nb5 57. Nc5 Nc7 58. Nb7 Ke7 59. Nd6 1-0